Đánh giá hiệu quả của việc thực hiện luật thuế thu nhập cá nhân trên địa bàn tỉnh An Giang : Luận văn thạc sĩ kinh tế: Chuyên ngành: Tài chính - Ngân Hàng

Mục tiêu chính của luận văn này là nghiên cứu hiệu quả của việc thực hiện Luật thuế thu nhập cá nhân trên địa bàn tỉnh An Giang trong giai đoạn 3 năm 2009 - 2011.

Gespeichert in:
Bibliographische Detailangaben
1. Verfasser: Trần, Hòa Bình
Format: Buch
Sprache:Undetermined
Veröffentlicht: Cần Thơ Đại học Cần Thơ 2013
Schlagworte:
Tags: Tag hinzufügen
Keine Tags, Fügen Sie den ersten Tag hinzu!
Thư viện lưu trữ: Trung tâm Học liệu Trường Đại học Cần Thơ
LEADER 01144nam a2200229Ia 4500
001 CTU_183294
008 210402s9999 xx 000 0 und d
082 |a 343.597052 
082 |b B312 
088 |a 62340201 
100 |a Trần, Hòa Bình 
245 0 |a Đánh giá hiệu quả của việc thực hiện luật thuế thu nhập cá nhân trên địa bàn tỉnh An Giang : 
245 0 |b Luận văn thạc sĩ kinh tế: Chuyên ngành: Tài chính - Ngân Hàng 
245 0 |c Trần Hòa Bình ; Trương Đông Lộc (Hướng dẫn khoa học) 
260 |a Cần Thơ 
260 |b Đại học Cần Thơ 
260 |c 2013 
520 |a Mục tiêu chính của luận văn này là nghiên cứu hiệu quả của việc thực hiện Luật thuế thu nhập cá nhân trên địa bàn tỉnh An Giang trong giai đoạn 3 năm 2009 - 2011. 
650 |a Thuế thu nhập cá nhân,Tariff 
650 |x Law and legislation 
904 |i Trần, Thị Nhơn Ái 
980 |a Trung tâm Học liệu Trường Đại học Cần Thơ